| 000 | 00742nam a22002177a 4500 | ||
|---|---|---|---|
| 005 | 20150401164659.0 | ||
| 010 | _aB-593939 | ||
| 020 |
_a9780195687859 _c325.00 |
||
| 035 | _aB-593939 | ||
| 037 |
_bUBH _adpl |
||
| 082 | _a934 | ||
| 100 | _aSharma, R.S. | ||
| 245 |
_aIndia's ancient past / _cby R.S. Sharma |
||
| 250 | _a18th impr. | ||
| 260 |
_aNew Delhi _bOxford University Press _c2015 |
||
| 270 |
_aYMCA Library Building,1 Jai Singh Road _bNew Delhi _e110001, India |
||
| 300 |
_axi,387p. : _c22cm(pbk) _bill. |
||
| 500 | _aIncludes bibilographcal references and index | ||
| 942 |
_2ddc _cEN _h934 _mSHA |
||
| 999 |
_c92692 _d92692 |
||